• 首页
  • 本馆介绍
  • 公告通知
  • 最新文献
  • 馆藏检索
  • 电子资源
  • 读者导购
  • 参考咨询
  • 我的图书馆
  • 登录
  • 详细信息显示
  • 放入我的书架
  • 预约/预借图书
  • 作者相关作品
  • 分类相关作品
  • 丛书相关作品
  • 出版社相关作品

书目信息

  • 表格格式
  • 工作单格式
  • 卡片格式
题名:
有机合成工艺优化
    
 
作者: 陈荣业 著
分册:  
出版信息: 北京   化学工业出版社  2006
页数: 328页
开本: 24cm
丛书名:
单 册:
中图分类: TQ2
科图分类:
主题词: 有机合成--工艺学 , 有机合成 , 工艺学
电子资源:
ISBN: 7-5025-7694-0
000 00871nam0 2200253 450
001 012007432009
005 20070517112655.59
010    @a7-5025-7694-0@dCNY48.00
100    @a20070508d2006 km y0chiy0120 ea
101 0  @achi
102    @aCN@b110000
105    @ay z 000yy
106    @ar
200 1  @a有机合成工艺优化@Ayou ji he cheng gong yi you hua@f陈荣业著@Fchen rong ye zhu
210    @a北京@c化学工业出版社@d2006
215    @a328页@d24cm
330    @a本书共分19章,分别从理论上、应用上、工业化上对动力学方法研究反应过程,芳烃的混酸硝化、磺化、烷基化、酰基化、卤化、芳醚的合成、卤代芳烃的胺解、卤代烃的腈化、卤代烷烃的腈化、芳烃重氮基水解、重氮基的自由水解等内容。
606 0  @a有机合成@x工艺学
606 0  @a有机合成
606 0  @a工艺学
690    @aTQ2@v4
701  0 @a陈荣业@Achen rong ye@4著
801  0 @aCN@bRULIN@c20070517
905    @dTQ2@e19@s8
    
    有机合成工艺优化/陈荣业著.-北京:化学工业出版社,2006
    328页;24cm
    
    
    ISBN 7-5025-7694-0:CNY48.00
    本书共分19章,分别从理论上、应用上、工业化上对动力学方法研究反应过程,芳烃的混酸硝化、磺化、烷基化、酰基化、卤化、芳醚的合成、卤代芳烃的胺解、卤代烃的腈化、卤代烷烃的腈化、芳烃重氮基水解、重氮基的自由水解等内容。
●
相关链接 在E读中查询图书 在五车中查询图书 在当当中查询图书 在豆瓣中查询图书


正题名:有机合成工艺优化     索取号:TQ2/19         预约/预借

序号 登录号 条形码 馆藏地/架位号 状态 备注
1 0578711   205787111   第二样本阅览室/ [索取号:TQ2/19] 在馆    
2 0578712   205787120   密集书库/ [索取号:TQ2/19] 在馆    
3 0578713   205787139   第三借阅区/ [索取号:TQ2/19] 在馆    
4 0578714   205787148   密集书库/ [索取号:TQ2/19] 在馆    
5 0578715   205787157   密集书库/ [索取号:TQ2/19] 在馆    
6 0578716   205787166   第三借阅区/ [索取号:TQ2/19] 在馆    
7 0578717   205787175   第三借阅区/ [索取号:TQ2/19] 在馆    
8 0578718   205787184   第三借阅区/ [索取号:TQ2/19] 在馆    
唐山师范学院图书馆 欢迎您!
大连网信软件有限公司© 版权所有